The First World War - Aftermath - Statistics

General Stats
  • This quiz has been taken 42 times
  • The average score is 4 of 8
Answer Stats
Date Hint Answer % Correct
8th July, 1919 This country ratifies the Treaty of Versailles Germany
95%
28th June, 1919 This treaty is signed Treaty of Versailles
92%
21st July, 1919 This country ratifies the Treaty of Versailles The United Kingdom
82%
25th January, 1919 A proposal is made for this international organisation League of Nations
66%
10th November, 1919 This Bitish Monarch hosts a banquet for the President of France King George V
55%
18th January, 1919 This opens in the French capital Paris Peace Conference
21%
- The First World War officially ends on this date in 1920 10th January
5%
10th January, 1919 The Lion of the Desert surrenders at Medina Fakhri Pasha
5%
No matching quizzes found
Score Distribution
Percent of People with Each Score
Percentile by Number Answered
Your Score History
You have not taken this quiz